000 01257nam a2200373 c 4500
999 _c48889
_d48889
001 48889
003 ES-MaCES
005 20170215115548.0
007 cr |||||||||||
008 170214s2016 sp r i000 | spa d
020 _a9788460868040
040 _aES-MaCES
_bspa
_cES-MaCES
100 1 _96585
_aArranz, José María
245 1 0 _aÍndice de calidad del empleo
_hRecurso electrónico
_nJosé María Arranz, Carlos García-Serrano, Virginia Hernanz
260 _aMadrid
_bASEMPLEO
_c[2016]
300 _a1 documento pdf
_c(30,9 mb)
504 _aBibliografía: p. 114-117
541 _cGratuito
650 4 _aempleo
_928299
650 4 _acalidad de la vida de trabajo
_930024
650 4 _acondiciones de empleo
_930040
650 4 _acondiciones de trabajo
_928327
650 4 _aindicador económico
_927073
650 4 _amétodo estadístico
_929536
650 4 _aanálisis estadístico
_928889
650 4 _aEspaña
_926964
653 1 0 _aEmpleo
700 1 _913075
_aGarcía Serrano, Carlos
700 1 _914726
_aHernanz Martín, Virginia
710 2 _aASEMPLEO
_eed.
_937783
856 4 _uhttp://biblioteca.ces.es/repintra/B48889.pdf
_ytexto completo
_z[intranet]
902 _aELE PUB. ELECTRONICA
942 _2CES
_cBK
_h2.1.